书目信息 |
| 题名: |
图表速查立案追诉标准与定罪量刑证据规范
|
|
| 作者: | 盘冠员 主编 | |
| 分册: | 第二分册 破坏社会主义市场经济秩序罪 | |
| 出版信息: | 北京 中国人民公安大学出版社 2011 |
|
| 页数: | 540页 | |
| 开本: | 24cm | |
| 丛书名: | 最新执法办案实务指南丛书 | |
| 单 册: | ||
| 中图分类: | D924.305 , D924.335 | |
| 科图分类: | ||
| 主题词: | 刑事犯罪--法律适用--中国 , 破坏社会经济秩序罪--法律适用--中国 , 刑事犯罪 , 法律适用 , 破坏社会经济秩序罪 | |
| 电子资源: | ||
| ISBN: | 978-7-5653-0426-2 | |
| 000 | 01334nam0 2200313 450 | |
| 001 | 523 | |
| 005 | 20140908090256.64 | |
| 010 | @a978-7-5653-0426-2@dCNY72.00 | |
| 100 | @a20111009d2011 em y0chiy50 ea | |
| 101 | 0 | @achi |
| 102 | @aCN@b110000 | |
| 105 | @ak z 000yy | |
| 106 | @ar | |
| 200 | 1 | @a图表速查立案追诉标准与定罪量刑证据规范@ATu Biao Su Cha Li An Zhui Su Biao Zhun Yu Ding Zui Liang Xing Zheng Ju Gui Fan@h第二分册@HDi Er Fen Ce@i破坏社会主义市场经济秩序罪@IPo Huai She Hui Zhu Yi Shi Chang Jing Ji Zhi Xu Zui@f盘冠员主编@FPan Guan Yuan Zhu Bian@g本书编写组编 |
| 210 | @a北京@c中国人民公安大学出版社@d2011 | |
| 215 | @a540页@c图@d24cm | |
| 225 | 2 | @a最新执法办案实务指南丛书 |
| 330 | @a本书内容包括:生产、销售伪劣商品罪;走私罪;妨害对公司、企业的管理秩序罪;破坏金融管理秩序罪等。涵盖最新刑事法律和司法解释内容、图表速查刑法罪名立案追诉标准、图表速查刑法罪名定罪量刑标准、图表速查刑法罪名证据适用规范等。 | |
| 461 | 0 | @12001 @a最新执法办案实务指南丛书 |
| 606 | 0 | @a刑事犯罪@x法律适用@y中国 |
| 606 | 0 | @a破坏社会经济秩序罪@x法律适用@y中国 |
| 606 | 0 | @a刑事犯罪 |
| 606 | 0 | @a法律适用 |
| 606 | 0 | @a破坏社会经济秩序罪 |
| 690 | @aD924.305@v5 | |
| 690 | @aD924.335@v5 | |
| 701 | 0 | @a盘冠员@APan Guan Yuan@f(1967~)@4主编 |
| 801 | 0 | @aCN@bTANGWEI@c20140603 |
| 905 | @b0841226-28@dD924.305@e425:2@f3 | |
| 图表速查立案追诉标准与定罪量刑证据规范.第二分册.破坏社会主义市场经济秩序罪/盘冠员主编/本书编写组编.-北京:中国人民公安大学出版社,2011 |
| 540页:图;24cm.-(最新执法办案实务指南丛书) |
| ISBN 978-7-5653-0426-2:CNY72.00 |
| 本书内容包括:生产、销售伪劣商品罪;走私罪;妨害对公司、企业的管理秩序罪;破坏金融管理秩序罪等。涵盖最新刑事法律和司法解释内容、图表速查刑法罪名立案追诉标准、图表速查刑法罪名定罪量刑标准、图表速查刑法罪名证据适用规范等。 |
| ● |
| 相关链接 |
|
|
|
|
正题名:图表速查立案追诉标准与定罪量刑证据规范
索取号:D924.305/425:2
 
预约/预借
| 序号 | 登录号 | 条形码 | 馆藏地/架位号 | 状态 | 备注 |
| 1 | 0841226 | 208412261 | 第一样本阅览室/ [索取号:D924.305/425:2] | 在馆 | |
| 2 | 0841227 | 208412270 | 密集书库-史法系/ [索取号:D924.305/425:2] | 在馆 | |
| 3 | 0841228 | 208412289 | 第一借阅区/ [索取号:D924.305/425:2] | 在馆 |